00445pab a2200145 454500008004000000100001900040245009600059260000900155300001400164362001200178650003900190650003100229700002200260773001700282180718b2009 xxu||||| |||| 00| 0 eng d aSingh, Nandita aAnthropology of water: perspectives from traditional water management regime in rural India c2009 ap.215-28. aJan-Jun aWater resources management - India aWater resources management aSingh, Om Prakash aMan in India